000
00458nam a2200181Ia 4500
008
100917s9999 xx 000 0 und d
082
_b
52444
100
_a
कुलकर्णी श्यामकांत
245
_a
झरोका
260
_b
माग्रस प्रकाशन
_c
1978
300
_a
56
365
_b
4
520
_a
---
630
_a
झरोका
650
_a
---
730
_a
झरोका
942
_c
BOOK
999
_c
657838
_d
657835